Dramatizing blindness : disability studies as critical creative narrative /

Bibliographic Details
Main Author: Healey, Devon (Author)
Corporate Author: ProQuest (Firm)
Format: eBook
Language:English
Published: Cham : Palgrave Macmillan, [2021]
Series:Literary disability studies.
Subjects:
Online Access:Connect to the full text of this electronic book

MARC

Tag First Indicator Second Indicator Subfields
LEADER 00000cam a2200000Ii 4500
001 in00004372221
006 m o d
007 cr |n|||||||||
008 210902s2021 sz ob 001 0 eng d
005 20250816212339.3
020 |a 9783030808112  |q (electronic bk.) 
020 |a 3030808114  |q (electronic bk.) 
020 |z 9783030808105 
020 |z 3030808106 
024 8 |a 40030745098 
035 |a (NhCcYBP)ebc6716439 
037 |a 9783030808112  |b Springer Nature 
040 |a NhCcYBP  |c NhCcYBP  |d UtOrBLW 
050 4 |a HV1593  |b .H43 2021 
072 7 |a LIT006000  |2 bisacsh 
082 0 4 |a 305.9/081  |2 23 
100 1 |a Healey, Devon,  |e author. 
245 1 0 |a Dramatizing blindness :  |b disability studies as critical creative narrative /  |c Devon Healey. 
264 1 |a Cham :  |b Palgrave Macmillan,  |c [2021] 
264 4 |c ©2021 
300 |a 1 online resource. 
336 |a text  |b txt  |2 rdacontent 
337 |a computer  |b c  |2 rdamedia 
338 |a online resource  |b cr  |2 rdacarrier 
490 1 |a Literary disability studies 
504 |a Includes bibliographical references and index. 
505 0 |a Introduction -- Act I The Genesis of Blindness -- Act II The School of Hard Knocks -- Act III Blindness in the Street -- Act IV At Home by Myself With You -- Act V The Spectre of a Home -- Conclusion: Awiatiing the Arrival of Blindness. 
588 0 |a Online resource; title from PDF title page (SpringerLink, viewed September 10, 2021). 
500 |a Electronic resource. 
650 0 |a Blindness  |x Social aspects. 
650 0 |a Blindness  |v Drama. 
650 0 |a Creative nonfiction.  |0 http://id.loc.gov/authorities/subjects/sh2009008117 
655 7 |a Electronic books.  |2 local 
710 2 |a ProQuest (Firm)  |0 http://id.loc.gov/authorities/names/n2007068018 
776 1 8 |i Print version:  |a HEALEY, DEVON.  |t DRAMATIZING BLINDNESS.  |d [S.l.] : PALGRAVE MACMILLAN, 2021  |z 3030808106 
830 0 |a Literary disability studies.  |0 http://id.loc.gov/authorities/names/no2016053527 
856 4 0 |u https://ebookcentral.proquest.com/lib/tamucs/detail.action?docID=6716439  |z Connect to the full text of this electronic book  |t 0 
945 |b 44386 
955 |a YBP purchased approval e-records 
980 |b ebook  |c 40030745098  |f NONFIC/B  |g 565751  |k USD  |m 198.00  |q 1  |s AcqMono Conventional  |t Approval plan  |u Vendor order reference number  |v ZYBP  |y E-approvals  |z Electronic resource 
987 |a ybp17622094 
999 f f |s 5b9f77bc-feec-3f10-ba4e-2a37d16a42b8  |i 89dad947-9a76-3d88-a0e8-b340e1c4e105  |t 0 
952 f f |a Texas A&M University  |b College Station  |c Electronic Resources  |d Available Online  |t 0  |e HV1593 .H43 2021  |h Library of Congress classification 
998 f f |a HV1593 .H43 2021  |t 0  |l Available Online